Word Ladder: Band Together Quiz Stats

 Plays Quiz Updated Jul 12, 2017

Support Sporcle.
Go Orange.
Score 0/15 Timer 02:00
0 Plays Today
Hint 4-Letter Word % Correct
Tiger Woods sportGOLF
96.6%
Top medal metalGOLD
95.4%
Donut centerHOLE
95.2%
🐾 Type of wild canine 🐾 🐾🐾   WOLF   🐾🐾
94.4%
It beats scissorsROCK
93.6%
Dog's soundWOOF
93.4%
Chess pieceROOK
91.6%
Cargo area of a shipHOLD
91.5%
Hint 4-Letter Word % Correct
🐾 By oneself 🐾 🐾   LONE   🐾
88.9%
Treed areaWOOD
85.5%
Chancel crossROOD
79.6%
Billiard triangleRACK
79.1%
Be optimisticHOPE
72.9%
🐾 Group working together 🐾 🐾🐾🐾   PACK   🐾🐾🐾
70.1%
Run smoothly and gentlyLOPE
67.2%

Today's Daily Dose

Missing Word
AMC Shows

Word Ladder
Makeup

Get the Picture
Guitarists

You're not logged in!

Compare scores with friends on all Sporcle quizzes.
OR
Log In
Forgot?

From the Vault

Words Ending in 'AA' to 'AZ'

by Chenchilla

Take a deep breath...Ahaaaa.
Remove Ads.
Support Sporcle.
Get the best of Sporcle when you Go Orange. This ad-free experience offers more features, more stats, and more fun while also helping to support Sporcle. Thank you for becoming a member.

Show Comments

Extras

Top Quizzes Today


Score Distribution

Your Account Isn't Verified!

In order to create a playlist on Sporcle, you need to verify the email address you used during registration. Go to your Sporcle Settings to finish the process.

Report this User

Report this user for behavior that violates our Community Guidelines.

Details: